Marketing 6.0: The future is immersive (Record no. 396880)

MARC details
000 -LEADER
fixed length control field 00583 a2200229 4500
005 - DATE & TIME
control field 20260401112658.0
008 - FIXED-LENGTH DATA ELEMENTS--GENERAL INFORMATION
fixed length control field 260319b |||||||| |||| 00| 0 eng d
020 ## - ISBN
International Standard Book Number 9781119835219
Price $ 28.00
040 ## - CATALOGING SOURCE
Original cataloging agency VIVEKANANDA LIBRARY
082 ## - DDC NUMBER
Classification number 658.8
Book Number K849M
100 ## - MAIN ENTRY--PERSONAL NAME
Personal name Kotler, Philip
245 ## - TITLE STATEMENT
Title Marketing 6.0: The future is immersive
260 ## - PUBLICATION, DISTRIBUTION, ETC. (IMPRINT)
Name of publisher, distributor, etc John Wiley
Date of publication, distribution, etc 2024
Place of publication, distribution, etc Hoboken
300 ## - PHYSICAL DESCRIPTION
Pages vii, 247
650 ## - Subject
Subject Management
650 ## - Subject
Subject Marketing
650 ## - Subject
Subject E-Commerce
650 ## - Subject
Subject General Management
700 ## - Added Entry Personal Name
Added Entry Personal Name Kartajaya, Hermawan
700 ## - Added Entry Personal Name
Added Entry Personal Name Setiawan, Iwan
942 ## - ADDED ENTRY ELEMENTS (KOHA)
Koha item type Books
Holdings
Withdrawn status Lost status Source of classification or shelving scheme Damaged status Not for loan Location (home branch) Sublocation or collection (holding branch) Shelving location Date acquired Koha issues (times borrowed) Koha full call number Accession No. Koha date last seen Koha item type
    Dewey Decimal Classification     VIVEKANANDA LIBRARY VIVEKANANDA LIBRARY IMSAR Library 17/02/2026   658.8 K849M 420860 17/02/2026 Books
© Designed and Maintained by Vivekananda Library, MDU Rohtak